| 000 | 01046nmm a2200277 a 4500 | ||
|---|---|---|---|
| 001 | ocm0001083747 | ||
| 003 | TR-IsHL | ||
| 005 | 20201028151641.0 | ||
| 008 | 150709s2009 tu tur | ||
| 007 | cr cn | ||
| 020 | _a9786055657284 | ||
| 035 |
_a1083747 _b(N$T) |
||
| 050 | 0 | 4 |
_aBP42 _b.B88 2009 |
| 090 | 0 | 4 |
_aBP42 _b.B88 2009 |
| 100 | 1 | _aBûtî, Muhammed Saîd Ramazan | |
| 245 | 1 | 0 |
_aSelefiye, İslami bir ekol/mezheb değil zamansal bir aşamadır = _bes-Selefiyye, merhaletü zemeniyye mübâreketü lâ mezhebü İslâmî _h[electronic resource] / _cMuhammed Saîd Ramazan Bûtî ; çeviren Vecihi Sönmez |
| 260 |
_aİstanbul : _bBedir Yayınları, _c2009 |
||
| 300 | _a225 p. | ||
| 650 | 4 | _aFelsefe, Psikoloji ve Din | |
| 650 | 4 | _aPhilosophy, Psychology and Religion | |
| 650 | 0 |
_aIslam _x Doctrines |
|
| 650 | 0 |
_aİslam _x Akâid |
|
| 650 | 7 |
_aRELIGION / Islam / General _2bisacsh |
|
| 700 | 1 | _aSönmez, Vecihi | |
| 856 | 4 | 0 | _uhttp://search.ebscohost.com/login.aspx?direct=true&scope=site&db=e011xww&AN=1083747 |
| 999 |
_c11114 _d11114 |
||